Pokémon - Les attaques de Kaiminus - Statistiques

Statistiques générales
  • Ce quiz a été pris 161 fois
    15 depuis la dernière actualisation
  • Le résultat moyen est 9 sur 14
Statistiques - réponses
Niveaux Types Noms des attaques % Correct
Niveau 50 Eau Hydrocanon
100%
Niveau 27 Ténèbres Mâchouille
100%
Niveau 9 Ténèbres Morsure
100%
Niveau 6 Eau Pistolet à O
100%
Départ Normal Griffe
90%
Départ Normal Groz'Yeux
90%
Niveau 19 Glace Crocs Givre
70%
Niveau 45 Combat Surpuissance
60%
Niveau 30 Normal Tranche
60%
Niveau 22 Normal Gigotage
40%
Niveau 13 Normal Grimace
40%
Niveau 33 Normal Grincement
40%
Niveau 41 Eau Hydro-Queue
40%
Niveau 37 Normal Mania
10%
Aucun quiz correspondant
Distribution des résultats
% des personnes avec chaque résultat
Percentile par nombre de réponses
Votre historique - résultats
Vous n’avez pas pris ce quiz depuis la dernière actualisation